000 00462nam a2200157 a 4500
001 59388
005 20180714060324.0
008 140415s1975 mx 000 0 spa d
041 _aspa
082 _a291.9
_bVAL
100 1 _aVALENTI CAMP, SANTIAGO
245 1 4 _aLAS SECTAS Y LAS SOCIEDADES SECRETAS A TRAVES DE LA HISTORIA
250 _a1a ed.
260 _aMEXICO :
_bDEL VALLE DE MEXICO,
_c1975
650 1 4 _aANARQUISMO
_xRELIGIONES
_xSECTAS
999 _c59388
_d59388